Statistics for Bundesliga Ö Teams Quiz

Click here to take the quiz!

General Stats

  • This quiz has been taken 34 times
  • The average score is 8 of 12

Answer Stats

Answer% Correct
Sturm Graz
97%
FC Red Bull Salzburg
94%
Austria Wien
84%
Rapid Wien
84%
LASK Linz
74%
Wolfsberger AC
71%
Admira Wacker Mödling
68%
Rheindorf Altach
52%
SK Austria Klagenfurt
48%
WSG Tirol
48%
SV Ried
45%
TSV Hartberg
45%

Score Distribution

Percentile by Number Answered

Percent of People with Each Score

Your Score History

You have not taken this quiz